Shaikshik evam madhyamik vidyalay vyavastha (HIN) (Record no. 93462)

MARC details
000 -LEADER
fixed length control field 00401nam a2200157Ia 4500
005 - DATE AND TIME OF LATEST TRANSACTION
control field 20240821155024.0
008 - FIXED-LENGTH DATA ELEMENTS--GENERAL INFORMATION
fixed length control field 240821s9999||||xx |||||||||||||| ||und||
082 ## - DEWEY DECIMAL CLASSIFICATION NUMBER
Classification number 374.12 GAI
100 ## - MAIN ENTRY--PERSONAL NAME
Personal name Gaind, D. N.
245 #0 - TITLE STATEMENT
Title Shaikshik evam madhyamik vidyalay vyavastha (HIN)
250 ## - EDITION STATEMENT
Edition statement 4th ed.
260 ## - PUBLICATION, DISTRIBUTION, ETC.
Place of publication, distribution, etc. Agra
Name of publisher, distributor, etc. Ramprasad & Sons
Date of publication, distribution, etc. 1972
300 ## - PHYSICAL DESCRIPTION
Extent 418p.
650 ## - SUBJECT ADDED ENTRY--TOPICAL TERM
Topical term or geographic name entry element Adult Education
942 ## - ADDED ENTRY ELEMENTS (KOHA)
Koha item type Book
Holdings
Withdrawn status Lost status Damaged status Not for loan Home library Current library Date acquired Total checkouts Barcode Date last seen Price effective from Koha item type
        Library and Documentation Division NCERT Library and Documentation Division NCERT 08/21/2024   78404 08/21/2024 08/21/2024 Book